01582nam a2200253 a 450000100060000000300090000600800410001502000150005604000280007108200140009910000290011324500640014226000360020630000090024249000110025150506840026259001260094665000190107265000250109165000340111694200120115099900170116295201490117922152CO-ViMGA141112s2004 ck r 000 u spa d a9701029852 aCO-ViMGAbspacCO-ViMGA04a515 S643m1 aSpegiel, Murray R93152510aMatemáticas avanzadas : bpara la ingeniería y ciencias aMexico : bMc Graw Hill, c2001 a498p aSCHAUM aRepaso de conceptos fundamentales 1 - - Ecuaciones diferenciales ordinarias 48 - - Ecuaciones diferenciales lineales 88 - - Transformadas de laplace 120 - - Análisis vectorial 148 - - Integrales de línea, de superficies y múltiples y teoremas de integrales 181 - - Serie de fourier 226 - - Integrales de fourier 248 - - Funciones gamma, beta y otras funciones especiales 260 - - Funciones de bessel 277 - - Funciones de legendre y otras funciones ortogonales 298 - - Ecuaciones diferenciales parciales 317 - - Variables complejas y mapeo conforme 351 - - Fórmula de inversión compleja para transformadas de laplace 400 - - Matrices 422 - - Cáluco de variaciones 461  aForma de adquisición : Compra - - Precio : 72.850 - - Proveedor : Bernalibros - - Fecha de adquisición : Octubre 200714aCÁLCULO947014aMATAMÁTICAS93152614aMATEMÁTICAS PARA INGENIEROS 2ddccBK c30587d30587 00102ddc40708003aMEVIECARbMEVIECARd2015-12-04hVolumen. 1 | 11/jun/2009l0o515 S643m p22152r2015-12-04 00:00:00tEj. 1w2015-12-04yBK